000 02343pam a22003971i 4500
999 _c3153
_d3153
001 018345322
003 Uk
005 20231020103426.0
006 m || d |
007 cr |||||||||||
008 170510s2017 enk o 000|0|eng|d
015 _aGBB784262
_2bnb
020 _a9781471888793 (pbk.)
037 _aHachetteUK564331
_bIngram Content Group
040 _aStDuBDS
_beng
_cStDuBDS
_dUk
_dKH8
_erda
_epn
041 0 _aeng
_afre
042 _aukblsr
082 0 4 _a448.242 GIL
_223
100 1 _aGilles, Jean-Claude,
_d1950-
_eauthor.
245 1 0 _aCambridge IGCSE French:
_pStudent book /
_cJean-Claude Gilles, Kirsty Thathapudi, Wendy O'Mahony, Virginia March, Jayn Witt.
250 _aSecond edition.
264 1 _aLondon :
_bHodder Education,
_c2017.
300 _a256 pages ;
_c8.43 x 0.51 x 10.87 inches.
336 _atext
_2rdacontent
337 _acomputer
_2rdamedia
338 _aonline resource
_2rdacarrier
520 _aEndorsed by Cambridge International Examinations to support the full syllabus for examination from 2019. Directly supporting the latest Cambridge syllabus, this Student Book provides a differentiated approach with thorough exam preparation to develop independent, culturally-aware students of French. - Ensure students gain the cultural awareness that is at the heart of this qualification with engaging stimulus material and questions from around the world - Develop students' ability to use French effectively with activities developing all four key skills - Stretch and challenge students to achieve their best grades with differentiated content - Ensure the progression required for further study at A-level or equivalent - Provide insight and encourage a positive attitude towards other cultures - Help to prepare students for the examination with plenty of exam-style questions throughout Vocabulary is also available online at Vocab Express, an interactive learning application: visit www.vocabexpress.co.uk/hodder for more information.
588 _aDescription based on CIP data; item not viewed.
650 0 _aFrench language
_vTextbooks for foreign speakers
_xEnglish.
700 1 _aThathapudi, Kirsty,
_eauthor.
700 1 _aO'Mahony, Wendy,
_eauthor.
700 1 _aMarch, Virginia,
_eauthor.
700 1 _aWitt, Jayn,
_eauthor.
942 _2ddc
_cTR